000 00897nam a2200253Ia 4500
003 OSt
005 20220928123915.0
006 a|||||r|||| 00| 0
007 ta
008 220927b |||||||| |||| 00| 0 eng d
020 _cUKP 75.00
024 _a136121
037 _b13240, 20/09/2017, Elite Publishers Distributors
_cTextual
040 _aSDCL
_cSDCL
_beng
041 _2eng
_aeng
082 _aX.1'P, Q6
100 _aOzawa Terutomo
_9462106
245 0 _aEvolution of the World economy
_b The 'flying-geese' theory of multinational corporations and structural transformation (New horizons in international business)
260 _aCheltenham
_bEdward Elgar
_c2016
300 _axv,207p.
_ccm.
650 _aBusiness Economics
_9391653
942 _hX.1'P, Q6
_cTEXL
_2CC
999 _c775118
_d775118